000 00830nas a2200265 4500
001 BR0700613
003 BR-BrBNA
005 20231205110535.0
007 ta
008 230509b bl.|||p| |||| 00| 00por d
040 _aBR-BrBNA
_bpor
_cBiblioteca Nacional de Agricultura
041 _a(Pt)
072 _aH60
100 1 _aMedeiros, R.B. de
100 1 _aFavreto, R.
100 1 _aFerreira, O.G.L.
100 1 _aSiewerdt, L.
245 1 _aPersistência de Desmodium incanum DC. ("pega-pega")em meio a cultivos agrícolas estabelecidos sobre campo nativo
650 _aDESMODIO
650 _aPREPARO DO SOLO
650 _aERVA DANINHA
773 0 _tPesquisa Agropecuária Gaúcha (Brazil)
_xISSN 0104-9070
_g(2006), v. 12(1-2) p. 37-44
_wBR0700613
909 _a202311
_bLúcia
_c55
_dLúcia Elande
942 _2AGRIS
_n0
_cANA
999 _c187817
_d187817